00610nam a2200181Ia 4500008004100000020001500041041001200056082001600068100001600084245005500100260003900155300000800194650001600202700001600218942000700234999001500241952017200256221030s9999 xx 000 0 und d a0071204113 aEnglish a105.23bHam aC. Hamacher 0aComputer Organisationcby C. Hamacher, Z. Vranesic bMcGraw Hill Pub.aNew Delhic2001 a860 aBE Computer aZ. Vranesic cBK c1642d1642 pBE 7019g274.00l0o105.23 Hamr2024-06-13 00:00:00w2022-10-30yBK003Print4070aMIETLIBbMIETLIBcBL-Academic Block C, FL-2, CUP-105, SH-1, R-1d2003-08-1910HBE